000 00601nam a2200193Ia 4500
005 20250820160829.0
008 008 250516s9999 xx 000 0 hin d
020 _a9789392356193
040 _beng
_cSDCL
041 _ahin
_2hin
084 _aO152:gx R2
100 _aKhanam, Mahmuda
_9809829
245 0 _aSahitik Samiksha :
_bSamvad Ke Vividh Aayam
246 _aसाहित्यिक समीक्षा :
_bसंवाद के विविध आयाम
260 _aNew Delhi:
_bSamkaleen Prakashan,
_c2022.
300 _a189p.
650 _aHindi
942 _cTEXL
_2CC
999 _c1429949
_d1429949